| 000 | 01144nam a22003257a 4500 | ||
|---|---|---|---|
| 003 | CHAP | ||
| 005 | 20220329135628.0 | ||
| 008 | 971013s1964 a r 00010 spa d | ||
| 010 | _a39592 | ||
| 011 | _a40564 | ||
| 035 | _a44690 | ||
| 040 | _cCHAP | ||
| 082 |
_a627.13 _bE8Y |
||
| 110 |
_aE.U.A. Bureau of Reclamation _934862 |
||
| 245 | 1 | _aRevestimiento de canales de irrigación | |
| 260 |
_a(San Luis Potosí, S.L.P.) : _bDirección de Pequeña Irrigación, _c1964 |
||
| 300 | _a297 h. | ||
| 490 |
_aFolleto ZN _v; 10 |
||
| 590 |
_aBATCH-UPD _b10 _c20130110 _lUCH01 _h0849 |
||
| 590 |
_aCONVERSION _b10 _c20130109 _lUCH01 _h1322 |
||
| 650 | 1 | 4 |
_aCanales. _918255 |
| 650 | 1 | 4 |
_aRecubrimientos para canales. _995021 |
| 830 | 0 |
_aFolleto ZN _v; 10 _942069 |
|
| 901 | _aBK | ||
| 942 | _cLIBRO | ||
| 949 |
_a627.13 E8Y _bBC _cLIBRO _d33724000021630 _eLIBRO _h49175 _i44690 _si |
||
| 949 |
_a627.13 E8Y _bBC _cLIBRO _d33724000021648 _eLIBRO _fc.2 _h49176 _i44690 _si |
||
| 949 |
_a627.13 E8Y _bBC _cLIBRO _d33724002307801 _eLIBRO _fc.3 _gDonaciØn _h115763 _i44690 _sb |
||
| 949 |
_a627.13 E8Y _bBC _cLIBRO _d33724002307842 _eLIBRO _fc.4 _gDonaciØn _h115764 _i44690 _sb |
||
| 999 |
_c39592 _d39592 |
||